| 000 | 00686nam a22002051a 4500 | ||
|---|---|---|---|
| 001 | 19405 | ||
| 003 | OSt | ||
| 005 | 20260204212452.0 | ||
| 008 | 190511s2013||||spa||||||b||||||||||spa|| | ||
| 020 | _a9788497293358 | ||
| 082 | _a796.01 F943a | ||
| 100 | _aFunollet Quexalós, Feliu | ||
| 245 | _aAprender a aprender con el deporte/Feliu Funollet Quexalós, Eduard Inglés i Yuba, Betlem Gomila Serra, Roser Funollet Ubach | ||
| 264 | _aBarcelona, España:Editorial INDE | ||
| 300 | _a125 Páginas | ||
| 500 | _aIncluye índice de Figuras | ||
| 650 | _aDeporte-enseñanza | ||
| 700 | _aInglés i Yuba, Eduard II.Gomila Serra, Betlem III.Funollet Ubach, RoserÌ | ||
| 942 |
_2ddc _cBK |
||
| 999 |
_c19405 _d19405 |
||